1635 1950 1394 1495 1609 1684 1130 1591 1891 1313 1129 1592 1617 1877 1288 1013 1470 1469 1373 1350 1934 1507 1611 1229 1788 1075 1352 1967 1869 1413 1443 1080 1390 1778 1514 1746 1162 1512 1351 1274 1283 1054 1017 1604 1864 1041 1445 1220 1672 1599 1125 1633 1597 1060 1886 1086 1684 1804 1163 1586 1425 1334 1750 1705 1552 1607 1648 1965 1384 1193 1359 1439 1422 1743 1650 1611 1957 1945 1500 1127 1952 1729 1974 1845 1718 1628 1318 1118 1309 1324 1190 1033 1881 1854 1626 1432 1716 1177 1854 BCNSPRNW ULIB Ver.6.0+V

เปลี่ยนเป็นภาษาไทย

Change to English
 แสดงรายละเอียดบรรณานุกรม
  กลับหน้าหลัก

Brief Record : Get Marc (ISO 2709) : E-mail record : QR code < ปิดหน้าต่าง
LEADER : 00000nam 2200000uu 4500
001    13399129078
003     ULIB
008    250716s2567||||th 000 0 tha d
020    ^a9786169423324
060    ^aWB100^bว841C^cล.2
100    ^aวีระเดช พิศประเสริฐ, จันทรภา ศรีสวัสดิ์, ธันยชัย สุระ และวิชัย ประยูรวิวัฒน์, บรรณาธิการ
245    ^aCASE-BASED APPROACHES IN INTERNAL MEDICINE เล่ม 2
250    ^aพิมพ์ครั้งที่ 1
260    ^aกรุงเทพฯ :^bราชวิทยาลัยอายุรแพทย์แห่งประเทศไทย ในพระบรมราชูปถัมภ์,^c2567
300    ^a336 หน้า;^c19 ซม.
650    ^aผู้ป่วย^xการพยาบาล
710    ^aราชวิทยาลัยอายุรแพทย์แห่งประเทศไทย
945    ^p500^l0^i011773
945    ^p500^l0^i011774
999    ^aประนอม เกษจรัล
รายการนี้ยังไม่มีแท็ก
คุณยังไม่ได้ล็อกอิน คุณสามารถมีกิจกรรมร่วมกับเว็บไซต์ได้ แต่ต้องล็อกอินก่อน ::
  ล็อกอิน

รายการสื่อสารสนเทศ

ลำดับที่ ประเภท เลขเรียก/บาร์โค้ด สถานที่ สถานะ
1. วิทยาศาสตร์การแพทย์ และสุขภาพ
หนังสือสำรอง
สถานะ=หนังสือสำรอง
WB100 ว841C ล.2 ฉ.1 
  Barcode: 011773
ห้องสมุดวิทยาเขตสวรรค์ประชารักษ์
►หนังสือทั่วไป
บนชั้น
2. วิทยาศาสตร์การแพทย์ และสุขภาพ
วิทยาศาสตร์การแพทย์ และสุขภาพ
WB100 ว841C ล.2 ฉ.2 
  Barcode: 011774
ห้องสมุดวิทยาเขตสวรรค์ประชารักษ์
►หนังสือทั่วไป
บนชั้น
3. วิทยาศาสตร์การแพทย์ และสุขภาพ
วิทยาศาสตร์การแพทย์ และสุขภาพ
WB100 ว841C ล.2 ฉ.3 
  Barcode: 012194
ห้องสมุดวิทยาเขตสวรรค์ประชารักษ์
►หนังสือทั่วไป
บนชั้น

รายการใกล้เคียง
    ผู้แต่ง [วีระเดช พิศประเสริฐ, จันทรภา ศรีสวัสดิ์, ธันยชัย สุระ และวิชัย ประยูรวิวัฒน์, บรรณาธิการ]

    หัวเรื่อง [ผู้ป่วย การพยาบาล]

BibComment


ยังไม่เคยถูกคอมเมนท์

คอมเมนท์ทรัพยากรรายการนี้
  คอมเมนท์: CASEBASED APPROA..


 Copyright 2026. Bcnsprnw @Library